The Makioka sisters

Đã lưu trong:
书目详细资料
主要作者: Junichiro Tanizaki
格式: 图书
语言:Undetermined
出版: London Everyman's Library 1993
主题:
标签: 添加标签
没有标签, 成为第一个标记此记录!
Thư viện lưu trữ: Trung tâm Học liệu Trường Đại học Cần Thơ
LEADER 00560nam a2200181Ia 4500
001 CTU_40107
008 210402s9999 xx 000 0 und d
082 |a 895.6 
082 |b T165 
100 |a Junichiro Tanizaki 
245 4 |a The Makioka sisters 
245 0 |c Junichiro Tanizaki, Edward G Seidensticker 
260 |a London 
260 |b Everyman's Library 
260 |c 1993 
650 |a japanese fiction - 20th century 9 english 0,japanese literature - 20th century 
904 |i Minh, 001225 
980 |a Trung tâm Học liệu Trường Đại học Cần Thơ